Normal view MARC view

Entry Topical Term

Number of records used in: 1

001 - CONTROL NUMBER

  • control field: 68900

003 - CONTROL NUMBER IDENTIFIER

  • control field:

005 - DATE AND TIME OF LATEST TRANSACTION

  • control field: 20251202131705.0

008 - FIXED-LENGTH DATA ELEMENTS

  • fixed length control field: 251202|| aca||aabn | a|a d

040 ## - CATALOGING SOURCE

  • Original cataloging agency:
  • Transcribing agency:

150 ## - HEADING--TOPICAL TERM

  • Topical term or geographic name entry element: Amaize, Roland Izebe, 1948-

670 ## - SOURCE DATA FOUND

  • Source citation: Work cat.: ()33968: AMAIZE, Roland I. aut 68899, The man Roland Izebe Amaize, birth, early life, Education, family and working lives /, 2022

National Library of Nigeria OPAC is powered by Koha